01030nam a2200289 a 450000100060000000300080000600500170001400800410003102000150007202000150008703500190010204000350012104100080015608200280016424501090019226000280030130000210032949000360035050400410038665000400042765000310046770000370049883000440053594200120057999900170059195201320060860772BD-RjUL20211209080900.0170102s1973 fr b i000 0 eng  a9231010689 a9232010682 a(BD-RjUL)60896 aBD-RjULcBD-RjULdBD-RjULbeng aeng00223a378.00904bPRE 197300aPresent problems in the democratization of secondary and higher education /cby A. le Gall ... [et. all] aParis :bUnesco,c1973. a238 p. :c24 cm.1 aDevelopment of higher education aIncludes bibliographical references. 0aEducation, Higher.zSweden.9181077 0aEducationzSweden.91810781 aLe Gall, André,d1904-9181079 aDevelopment of higher education9181081 2ddccBK c60772d60772 00102ddc40718NFICaRUCLbRUCLcReadingd1981-12-05eUnescol0o378.00904 PRE 1973r2017-01-02 00:00:00tC-1w2017-01-02yBK